| 000 | 00684nam a22001697a 4500 | ||
|---|---|---|---|
| 003 | OSt | ||
| 005 | 20250905162159.0 | ||
| 008 | 250730b |||||||| |||| 00| 0 eng d | ||
| 040 | _cDCL | ||
| 082 | _a၈၀၈.၈၄ | ||
| 100 |
_aမောင်ခင်မင်၊ _cဓနုဖြူ ။ |
||
| 245 | 1 | 0 |
_aစကား စာ အလင်္ကာ/ _cမောင်ခင်မင်။ |
| 264 |
_aရန်ကုန်၊ _bဇွန်ပွင့် စာအုပ်တိုက်၊ _c၂၀၁၄။ |
||
| 300 |
_a၁၄၄ စာမျက်နှာ။ _c၁၃ x ၂၀.၅ စင်တီ။ |
||
| 650 | _aဘာသာဗေဒ။ | ||
| 942 |
_2ddc _cBOM _n0 |
||
| 999 |
_c1701 _d1701 |
||